000 00650nam a2200229 a 4500
001 70881
003 BD-RjUL
005 20211209082041.0
008 170422r19531951nyuac 001 0 eng
035 _a(BD-RjUL)71095
040 _aLC
_beng
_cLC
_dABN-SNR
_dBD-RjUL
041 _aeng
082 0 4 _223
_a530
_bSEF 1953
100 1 _aSemat, Henry,
_d1900-
_9209779
245 1 0 _aFundamentals of physics /
_cby Henry Semat.
250 _arev. ed.
260 _aNew York :
_bHolt, Rinehart and Winston,
_cc1951 [printing 1953].
300 _axxv, 849 p. :
_bill. ;
_c26 cm.
500 _aIncludes index.
650 0 _aPhysics.
_9209780
942 _2ddc
_cBK
999 _c70881
_d70881